Concepts in Physical Chemistry (Record no. 1432803)

MARC details
000 -LEADER
fixed length control field 01343nam a22002417a 4500
005 - DATE AND TIME OF LATEST TRANSACTION
control field 20250623154859.0
008 - FIXED-LENGTH DATA ELEMENTS--GENERAL INFORMATION
fixed length control field 250623b |||||||| |||| 00| 0 eng d
020 ## - INTERNATIONAL STANDARD BOOK NUMBER
International Standard Book Number 9781837673865
040 ## - CATALOGING SOURCE
Original cataloging agency CSL
Transcribing agency CSL
041 ## - LANGUAGE CODE
Source of code eng
Language code of text/sound track or separate title eng
084 ## - COLON CLASSIFICATION NUMBER
Classification number E:2 R4
Assigning agency CSL
100 ## - MAIN ENTRY--PERSONAL NAME
Personal name Atkins, Peter
Relator term author.
9 (RLIN) 277344
245 ## - TITLE STATEMENT
Title Concepts in Physical Chemistry
250 ## - EDITION STATEMENT
Edition statement 2nd ed.
260 ## - PUBLICATION, DISTRIBUTION, ETC.
Place of publication, distribution, etc. London :
Name of publisher, distributor, etc. Royal Society of Chemistry,
Date of publication, distribution, etc. 2024.
300 ## - PHYSICAL DESCRIPTION
Extent x, 384p.
Other physical details : ill.
Dimensions ; 24 cm.
500 ## - GENERAL NOTE
General note
520 ## - SUMMARY, ETC.
Summary, etc. Completely revised and updated for a second edition, this reference guide is an essential summary of the key concepts in physical chemistry that are likely to be encountered by undergraduate chemistry students. This book also serves as a useful reference for all who encounter physical chemical concepts in their professional activities or research. Written by a renowned textbook author and educator, this new edition of Concepts in Physical Chemistry is a convenient, easy-to-use, and authoritative reference; the chemical terms, ideas, and equations most frequently encountered in classroom or laboratory are clearly defined and explained.
650 ## - SUBJECT ADDED ENTRY--TOPICAL TERM
Topical term or geographic name entry element Physical chemistry.
9 (RLIN) 192709
650 ## - SUBJECT ADDED ENTRY--TOPICAL TERM
Topical term or geographic name entry element Chemical kinetics.
9 (RLIN) 814255
650 ## - SUBJECT ADDED ENTRY--TOPICAL TERM
Topical term or geographic name entry element Electrochemistry.
942 ## - ADDED ENTRY ELEMENTS (KOHA)
Source of classification or shelving scheme Colon Classification (CC)
Koha item type Textual
Edition 2nd ed.
Classification part E:2 R4
Suppress in OPAC No
Holdings
Withdrawn status Lost status Source of classification or shelving scheme Damaged status Not for loan Home library Current library Date acquired Source of acquisition Total Checkouts Full call number Barcode Date last seen Price effective from Koha item type
    Colon Classification (CC)     Central Science Library Central Science Library 2024-11-21 Classic Book Service   E:2 R4 SL1656305 2025-06-23 2025-06-23 Textual
Copyright @ Delhi University Library System